Top 10 Football Assisters Of All Time - Statistics

General Stats
  • This quiz has been taken 167 times
  • The average score is 8 of 10
Answer Stats
Assists Country Player % Correct
361 Argentina Lionel Messi
99%
268 Portugal Cristiano Ronaldo
95%
302 Germany Thomas Muller
91%
369 Brazil Pele
90%
404 Hungary Ferenc Puskas
89%
293 Uruguay Luis Suarez
89%
358 Netherlands Johan Cruyff
82%
259 Argentina Angel Di Maria
72%
283 Portugal Luis Figo
68%
277 Wales Ryan Giggs
63%
No matching quizzes found
Score Distribution
Percent of People with Each Score
Percentile by Number Answered
Your Score History
You have not taken this quiz